000 01027cam a2200313 i 4500
001 1876963
003 EG-ScBUE
005 20260302095810.0
008 830207s1983 enka f b 001 0 eng d
020 _a0853124264 :
020 _a0470274042
040 _aDLC
_beng
_erda
_cDLC
_dDLC
_dEG-ScBUE
082 0 4 _a551.5153
_222
_bPAS
100 1 _aPasquill, F.,
_eauthor.
_96458
245 1 0 _aAtmospheric diffusion /
_cF. Pasquill and F.B. Smith.
250 _aThird edition.
264 1 _aChichester, West Sussex :
_bHalsted Press,
_c1983.
300 _a437 pages :
_billustrations ;
_c24 cm.
336 _2rdacontent
_atext
_btxt
337 _aunmediated
_2rdamedia
_bn
338 _avolume
_bnc
_2rdacarrier
490 0 _aEllis Horwood Series in Environmental Science
504 _aIncludes bibliographical references and index.
650 7 _aAtmospheric diffusion.
_2BUEsh
_96460
650 7 _aAir
_xPollution.
_96461
_2BUEsh
655 _vReading book
700 1 _aSmith, F. B.,
_d1932-
_eauthor.
_96462
942 _2ddc
_cBB
999 _c11898
_d11898